000 00593nam a2200193Ia 4500
003 GCL
008 140319s9999 xx 000 0 ara d
040 _aGCL /
_cGCL
082 0 4 _a330.1543
_bl h
100 1 _aمجدى الشوربجى
245 1 0 _aالاقتصاد القياسى النظرية والتطبيق /
_cمجدى الشوربجى
260 _a[S.N] :
_bالدار المصرية اللبنانية ،
_c1994
300 _a322 ص
490 _a
650 0 4 _aالاقتصاد
650 0 4 _aالاجتماع
650 0 4 _aالاقتصاد الرياضى
942 _2ddc
_cBK
999 _c29823
_d29823